[Event "2nd China Binhai Open 2020"]
[Site "Tianjin"]
[Date "2020.01.13"]
[Round "2.6"]
[White "Peng, Xiongjian"]
[Black "Sun, Yidi"]
[Result "1-0"]
[WhiteElo "2489"]
[BlackElo "2168"]
[Annotator "TA"]
[PlyCount "53"]
[EventDate "2020.01.13"]
[EventType "swiss"]
[EventRounds "9"]
[EventCountry "CHN"]

{[%evp 22,53,-19,0,168,157,154,160,154,173,175,163,141,146,231,227,216,206,532,534,564,561,554,525,502,452,426,441,691,685,29993,29994,29994,29995]} 1. e4 c5 2. Nf3 d6 3. d4 Nf6 4. Nc3 cxd4 5. Nxd4 g6 6. Be3 Bg7 7. f3 O-O 8. Qd2 Nc6 9. O-O-O d5 10. Nxc6 bxc6 11. Bh6 Bxh6 12. Qxh6 Qa5 $2 {B76: Sicilian Dragon: Yugoslav Attack, 9 g4 and 9 0-0-0} (12... Qb6 $11 {and Black stays safe.}) (12... Qb6 13. e5 Nd7 14. h4 Rb8 15. Na4 Qb4 16. h5 g5 17. Bd3 f5 18. Qxg5+ Kh8 19. Rh4 d4 20. Bxf5 Qxa4 21. h6 {1-0 (21) Nepomniachtchi,I (2751)-Mamedov,R (2709) Moscow 2018}) 13. e5 $1 $18 {[%cal Re5f6]} Nd7 {[#]} 14. h4 $1 {[%cal Rh4h5] Threatens to win with h5.} Nxe5 {White is clearly better.} 15. h5 {White wants to mate with hxg6.} Bf5 {[#]} 16. g4 $1 {[%cal Rg4f5]} f6 {aiming for ...g5.} 17. Qe3 ({Don't blunder} 17. gxf5 $2 g5 $19) 17... Bd7 (17... Qb6 $16 18. Qxb6 axb6) 18. hxg6 hxg6 19. f4 $40 {[%mdl 128] White wants a kill.} ({Weaker is} 19. Qh6 Kf7 $17) 19... Nxg4 $146 (19... Qb6 {is tougher.} 20. Qh3 Kf7) ({Predecessor:} 19... Nf7 20. Qh3 {1-0 (43) Ruiz Castillo,J (2365)-Blandon,L (2167) Bogota 2014}) 20. Qxe7 {[%csl Gh1][%cal Re7h7]} Rf7 {[#]} 21. Rh8+ $1 {[%mdl 576] Deflection} Kxh8 22. Qxf7 {Intending Bd3 and mate.} Qc7 23. Bd3 {White threatens Rh1+ and mate.} Qxf4+ 24. Kb1 Nf2 (24... Qh6 $142 25. Qxd7 {[%mdl 64] Double Attack} Ne5) 25. Rg1 ({And not} 25. Qxd7 Nxd1 26. Nxd1 Qf3 $11) 25... Rb8 26. Qxg6 {[%csl Gd3][%cal Rg6h7]} Rxb2+ 27. Ka1 {Accuracy: White = 100%, Black = 45%.} 1-0

[Event "2nd China Binhai Open 2020"]
[Site "Tianjin"]
[Date "2020.01.13"]
[Round "2.7"]
[White "Ma, Lin"]
[Black "Wang, Shixu B"]
[Result "1/2-1/2"]
[WhiteElo "2146"]
[BlackElo "2469"]
[Annotator "TA"]
[PlyCount "184"]
[EventDate "2020.01.13"]
[EventType "swiss"]
[EventRounds "9"]
[EventCountry "CHN"]

{[%evp 16,184,0,-19,25,28,31,-15,-12,-9,6,18,21,0,0,-9,0,-28,-11,-29,-25,-60,-64,-48,-54,-273,-260,-262,-261,-258,-261,-243,-55,-72,-42,-42,-41,-31,-38,-31,-17,-104,-103,-105,-108,-102,-97,-104,-104,-116,-93,-112,-95,-116,-112,-116,-91,-131,-91,-131,-89,-131,-131,-131,-91,-97,-102,-116,0,-116,-60,-67,-67,-67,-67,-67,-67,-67,-67,-67,-67,-67,-67,-67,-67,-67,-63,-116,-116,-116,-67,-67,-63,-63,-63,-63,-63,-63,-63,-116,-116,-116,-116,-116,-116,-116,-116,-116,-116,-116,-116,-116,-116,-116,-116,-116,-116,-116,-116,-116,-116,-116,-116,-116,-116,-116,-116,-116,-116,-116,0,-116,-116,-116,-116,-116,-116,-116,-116,-116,-116,-116,0,-116,-116,-116,0,-116,0,-116,-116,-116,-116,-116,-116,-116,-116,-116,-116,-116,-66,-116,-116,-116,-116,-116,-116,-116,-116,-116,0]} 1. d4 Nf6 2. c4 e6 3. Nc3 Bb4 4. Bd2 b6 5. Nf3 Bb7 6. e3 O-O 7. Bd3 d5 8. cxd5 exd5 9. O-O c5 {E52: Nimzo-Indian: Rubinstein: 4...0-0 5 Nf3 d5 6 Bd3 b6} 10. Rc1 Nbd7 11. Nb5 Bxd2 {The position is equal.} 12. Qxd2 {[#]} Qe7 $146 ({Predecessor:} 12... c4 13. Bb1 Ne4 14. Qd1 Ndf6 15. Ne5 a6 16. Nc3 Nxc3 17. bxc3 Qd6 18. Qc2 Bc8 19. f3 b5 20. g4 g6 21. Qf2 h6 22. h4 Nd7 23. Nxd7 Bxd7 {½-½ (23) Arkhangelsky,B (2261)-Serra Olives,T (2168) Thessaloniki 2010}) 13. dxc5 bxc5 14. Rfd1 a6 15. Nc3 Rfd8 16. Na4 d4 17. Qe2 Re8 18. Re1 Qd6 19. Qd1 Bxf3 20. Qxf3 $2 (20. gxf3 $15 Nd5 21. f4) 20... Ne5 $19 21. Qd1 Nxd3 {[%mdl 64] Overworked Piece} 22. Qxd3 Ng4 23. g3 {[#]} Ne5 $2 (23... Qh6 $1 $19 {[%mdl 512]} 24. h4 dxe3 25. fxe3 Qc6) 24. Qe4 $15 d3 (24... Qf6 $5 {[%cal Re5f3]} 25. f4 Ng4 $15) 25. Rxc5 Qf6 26. Rxe5 {[%mdl 64] Remove Defender} Qxe5 27. Qxd3 Qb5 $36 {[%mdl 2048] Black has the initiative.} 28. Qxb5 (28. Qc2 $1 $11) 28... axb5 $11 {[%mdl 4096] Endgame KRR-KRN} 29. Nc3 b4 30. Nd5 Rxa2 31. Nxb4 Rxb2 32. Nc6 g6 33. h4 Ra8 34. Kg2 Raa2 35. Rf1 Kg7 36. Kf3 Kf6 37. Nd4 Ke5 38. Nc6+ Kd5 39. Nd4 f5 40. Kg2 Ke5 41. Kf3 Kd5 42. Kg2 $1 Rd2 (42... Ke4 $17 43. Ne6 Ke5) 43. Nb3 Rdc2 $1 44. Nd4 Rcb2 45. Nf3 h6 46. Rd1+ Ke6 47. Rf1 Kf6 48. Nd4 Rd2 49. Nb3 Rdc2 50. Nd4 Rc3 51. Kf3 {[#]} (51. Rb1 $15) 51... Rd2 $1 $17 {[%cal Rd2d4] And now ...Rxd4 would win.} 52. Ne2 Rcc2 53. Nd4 Rb2 54. Kg2 g5 55. hxg5+ hxg5 56. Nf3 Re2 57. Kg1 (57. Nd4 $15) 57... Ra2 58. Nd4 Red2 59. Nb3 Rdb2 60. Nd4 g4 61. Kg2 Rd2 62. Kg1 Ke5 63. Nb3 Rdc2 64. Nd4 Rcb2 65. Kg2 Rd2 66. Nb3 {[#]} Rdc2 $1 {[%cal Rc2c3] ...Rc3 is the strong threat.} 67. Nd4 Rc3 {aiming for ...Rxe3.} 68. Re1 Rb2 69. Kg1 Ke4 70. Kg2 Ra3 71. Ne6 Raa2 72. Rf1 Ke5 ({Black should try} 72... Rc2 $17 73. Nd4 Rcb2) 73. Nf4 (73. Nd4 $11 {was the only way to keep the balance.}) 73... Rd2 74. Ng6+ Kd5 75. Nh4 Ke4 76. Kg1 Rdb2 77. Kg2 Re2 78. Kg1 Reb2 (78... Ke5 $17 {Strongly threatening ...Red2.} 79. Ng6+ Kf6) 79. Ng6 (79. Kg2 $1 $11 Re2 80. Kg1) 79... Ra6 80. Nh4 Raa2 (80... Rc6 $17 {Hoping for ...Rcc2.} 81. Ra1 Rcc2) 81. Ng6 (81. Kg2 $11 {remains equal.} Rd2 82. Ng6) 81... Re2 82. Nh4 $1 Red2 83. Ng6 Kd5 84. Nh4 Ke6 85. Ng6 Kf6 86. Nh4 Re2 87. Ng2 Rec2 {Threatens to win with ...Re2.} 88. Nh4 Kg5 {Black is better.} 89. Ng2 Rcb2 90. Nh4 Kf6 91. Ng2 Ke5 92. Nh4 Ke4 {Accuracy: White = 79%, Black = 79%.} ({Better is} 92... Re2 $17 93. Ng6+ Kf6) 1/2-1/2

[Event "2nd China Binhai Open 2020"]
[Site "Tianjin"]
[Date "2020.01.13"]
[Round "2.8"]
[White "Zhao, Yuanhe"]
[Black "Li, Shanglin"]
[Result "1-0"]
[WhiteElo "2470"]
[BlackElo "2020"]
[Annotator "TA"]
[PlyCount "119"]
[EventDate "2020.01.13"]
[EventType "swiss"]
[EventRounds "9"]
[EventCountry "CHN"]

{[%evp 13,119,22,44,44,43,50,63,12,24,0,0,-15,52,1,2,-11,66,0,43,62,53,-58,-58,-57,-57,-52,-38,-34,22,25,21,25,31,29,42,36,56,36,56,28,52,51,61,50,61,58,68,42,86,52,47,0,7,0,61,30,143,139,137,130,417,435,599,566,582,576,617,324,329,304,309,306,498,508,475,514,497,444,490,449,535,499,486,358,358,370,560,530,562,550,608,590,762,707,702,650,2414,2205,1070,1384,1785,1932,29969,29971,29994,29967,29981,29981]} 1. Nf3 Nf6 2. c4 g6 3. Nc3 Bg7 4. e4 d6 5. d4 O-O 6. h3 e5 7. d5 Nh5 8. g3 {E90: King's Indian: Classical: Early deviations and 6 h3} f5 (8... Na6 9. Nh2 Nc5 10. Be3 a5 11. Be2 Nf6 12. Bf3 Ne8 13. g4 f5 14. gxf5 gxf5 15. exf5 Bxf5 16. Bxc5 dxc5 {½-½ (79) Postny,E (2623)-Guseinov,G (2664) chess.com INT 2019}) 9. exf5 gxf5 10. Ng5 (10. Bg5 $14 Qe8 11. Be2) 10... Nf6 $11 11. Be2 Qe7 12. Qc2 a5 $146 ({Better is} 12... Na6 $11) ({Predecessor:} 12... Na6 13. a3 h6 14. Nf3 Nc5 15. Nh4 Qe8 {1-0 (44) Bravo,W (2224)-Jimenez Martinez,A (2002) Managua 2015}) 13. Bd2 ({White should try} 13. Be3 $14) 13... Na6 14. O-O-O Nc5 (14... Nb4 $11 15. Qb3 h6) 15. Rhg1 (15. Be3 $14) 15... Bd7 16. g4 f4 17. Bf3 (17. h4 $14) 17... Be8 $1 $15 18. Nge4 Bg6 19. g5 Nfxe4 20. Nxe4 Nxe4 (20... Qf7 $15) 21. Bxe4 $11 Qf7 22. h4 b6 23. Rde1 Bxe4 24. Qxe4 Qh5 25. f3 Rae8 26. Rg4 Rd8 27. Bc3 Ra8 28. Kd2 Rab8 29. Qd3 Qg6 30. Re4 Qh5 31. Qf1 Qe8 32. Qh3 b5 {Threatens to win with ...b4.} 33. h5 Bh8 ({Black should play} 33... b4 $11 34. Bd4 {[%mdl 64] Pin} Bh8) 34. Rg1 bxc4 (34... b4 $11) 35. g6 $16 {Hoping for g7!} (35. Rxc4 e4 $16) 35... h6 36. Rxc4 c5 $2 {[%mdl 8192]} (36... Rb7 $16 {was called for.}) 37. dxc6 $18 d5 38. c7 Rc8 39. Rc5 {[%mdl 64] [#] Double Attack} Bg7 {Now ...Qe7 and Black clings on.} 40. Re1 Qe7 41. Rxd5 Rxc7 42. Re4 (42. Bxa5 Rd8 $18) 42... Rd8 $2 (42... Rfc8 {keeps fighting.} 43. Ke1 Qf6) 43. Rxd8+ Qxd8+ 44. Kc2 Qd6 45. Qf1 Bf6 46. Qd3 Qe6 47. Kb1 {And now Bxe5! would win.} Kg7 48. Re1 Rd7 49. Qe4 Rd5 (49... Qd5 {was necessary.} 50. Kc2 Qc5) 50. a4 Qd7 51. Qc4 Qe6 {...Rd1+! is the strong threat.} 52. Ka2 Qd7 53. Re4 Qb7 54. Re2 Qd7 {[#]} 55. Rd2 $1 {[%mdl 512]} Rxd2 56. Bxd2 Bd8 57. Bc3 Bf6 58. Bxa5 {White mates.} Qa7 59. Bc3 Qb7 60. a5 {Accuracy: White = 51%, Black = 30%.} 1-0

[Event "2nd China Binhai Open 2020"]
[Site "Tianjin"]
[Date "2020.01.13"]
[Round "2.9"]
[White "Hu, Yu A."]
[Black "Zou, Chen"]
[Result "0-1"]
[WhiteElo "2135"]
[BlackElo "2459"]
[Annotator "TA"]
[PlyCount "82"]
[EventDate "2020.01.13"]
[EventType "swiss"]
[EventRounds "9"]
[EventCountry "CHN"]

{[%evp 20,82,16,0,0,0,0,7,7,0,12,0,5,7,14,9,9,13,9,16,15,13,9,7,18,16,2,2,0,0,0,0,0,-9,-9,-11,-13,-13,-11,-10,-10,-10,-5,-6,-8,-8,-8,-7,-3,-533,-517,-502,-497,-502,-250,-502,-502,-726,-696,-1111,-29971,-29987,-29988,-29989,-29990]} 1. e4 c5 2. Nf3 d6 3. d4 cxd4 4. Nxd4 Nf6 5. Nc3 a6 6. Be3 e5 7. Nb3 Be6 8. f3 h5 9. Qd2 Nbd7 10. O-O-O Be7 11. Kb1 b5 {B90: Sicilian Najdorf: Unusual White 6th moves, 6 Be3 Ng4 and 6 Be3 e5} 12. Nd5 (12. h4 O-O 13. Bg5 Rc8 14. a3 Qc7 15. g4 hxg4 16. fxg4 Nb6 17. Bxf6 Bxf6 18. g5 {½-½ (70) Yu,Y (2751)-Vachier Lagrave,M (2789) Riadh 2017}) 12... Bxd5 $1 13. exd5 Nb6 {The position is equal.} 14. Bxb6 Qxb6 15. Na5 Rc8 16. Nc6 Nxd5 17. Nxe7 Nxe7 18. Qxd6 Qxd6 19. Rxd6 Nc6 20. c3 Ke7 21. Rd1 Rhd8 22. Be2 Na5 23. a4 $146 ({Predecessor:} 23. Rxd8 Rxd8 24. Re1 f5 {½-½ (24) Audie,A (2267)-Weber,K (2327) ICCF email 2016}) 23... Nc4 24. axb5 axb5 25. Rxd8 Rxd8 26. Bxc4 bxc4 $11 {[%mdl 4096] Endgame KR-KR} 27. Kc2 Ra8 28. Rb1 Ra2 29. Rd1 Ke6 30. Rd8 Ra1 31. b4 Ra2+ 32. Kc1 Rxg2 {aiming for ...Rf2.} 33. b5 {Hoping for b6.} e4 ({Of course not} 33... Rxh2 $6 34. b6 $16) 34. b6 $2 {[%mdl 8192]} (34. fxe4 $11 {and White has nothing to worry.} Rg5 35. b6) 34... exf3 $19 35. b7 {[#]} f2 $1 {[%cal Rf2f1]} 36. b8=Q {White wants to mate with Qb6+.} f1=Q+ 37. Rd1 Qe2 {[%csl Gg2][%cal Re2c2]} 38. Qc8+ Kf6 {[%csl Gg2][%cal Re2c2]} 39. Rd6+ Kg5 {[%csl Gg2][%cal Re2c2]} 40. Rd5+ Kh6 {[%csl Gg2][%cal Re2c2]} 41. Rd6+ f6 {Accuracy: White = 64%, Black = 98%.} 0-1

[Event "2nd China Binhai Open 2020"]
[Site "Tianjin"]
[Date "2020.01.13"]
[Round "2.10"]
[White "Xiang, Zeyu"]
[Black "Li, Guohao"]
[Result "1-0"]
[WhiteElo "2446"]
[BlackElo "2131"]
[PlyCount "59"]
[EventDate "2020.01.13"]
[EventType "swiss"]
[EventRounds "9"]
[EventCountry "CHN"]
[TimeControl "5400+30"]

1. d4 d5 2. c4 c6 3. cxd5 cxd5 4. Bf4 Nc6 5. e3 Nf6 6. Nc3 a6 7. Be2 e6 8. Nf3 Be7 9. h3 O-O 10. O-O Bd7 11. Rc1 Rc8 12. Bd3 Na5 13. Qe2 Nc4 14. Ne5 b5 15. Rc2 Bc6 16. Rfc1 Bb7 17. a4 Qb6 18. axb5 axb5 19. g4 Bd6 20. b3 Na3 21. Ra2 b4 22. g5 Ne4 23. Bxe4 dxe4 24. Nd7 Qc6 25. Bxd6 Qxd6 26. Nxf8 bxc3 27. Nd7 Qb4 28. Nc5 Bd5 29. Rca1 Ra8 30. Na6 1-0

[Event "2nd China Binhai Open 2020"]
[Site "Tianjin"]
[Date "2020.01.13"]
[Round "2.11"]
[White "Bai, Xue"]
[Black "Zhang, Ziji"]
[Result "0-1"]
[WhiteElo "2069"]
[BlackElo "2432"]
[Annotator "TA"]
[PlyCount "62"]
[EventDate "2020.01.13"]
[EventType "swiss"]
[EventRounds "9"]
[EventCountry "CHN"]

{[%evp 23,62,6,23,11,29,23,27,16,41,33,49,11,14,-15,-27,-39,-26,-35,-13,-28,-22,-159,-165,-158,-158,-180,-172,-198,-181,-193,-185,-186,-195,-185,-179,-252,-237,-310,-310,-347,-300]} 1. e4 e5 2. Nf3 Nc6 3. Bb5 a6 4. Ba4 Nf6 5. O-O Be7 6. Re1 b5 7. Bb3 d6 8. c3 O-O 9. h3 Bb7 10. d4 Re8 11. Nbd2 Bf8 12. Bc2 h6 13. b3 {C93: Closed Ruy Lopez: Smyslov Variation} (13. a4 exd4 14. cxd4 Nb4 15. Bb1 c5 16. d5 Nd7 17. Ra3 c4 18. axb5 axb5 19. Nd4 Rxa3 20. bxa3 Nd3 21. Bxd3 cxd3 22. Bb2 Nc5 23. Bc3 Qb6 24. Re3 Bc8 25. N4b3 Qa6 26. Bb4 Qa4 27. Qb1 f5 28. exf5 Rxe3 29. fxe3 Bxf5 30. Nd4 Bd7 31. N4f3 Bf5 {½-½ (31) Yu,Y (2750)-Harikrishna,P (2758) Shenzhen 2017}) 13... Nb8 14. Bb2 Nbd7 15. Bd3 $146 {White has an edge.} ({Predecessor:} 15. a4 c5 16. d5 Nh5 17. Bd3 bxa4 18. Rxa4 Nb6 19. Ra1 Nf4 20. Bf1 Bc8 21. Bc1 Qf6 22. Kh2 {1-0 (47) Schlotthauber,W (2136)-Fuhrwerk,K (2198) GER email 2003}) 15... g6 16. Qc2 Bg7 17. Nf1 Nh5 18. Rad1 Nf4 19. Ng3 Qf6 20. Nh2 h5 21. Bc1 Rac8 22. Ne2 (22. Bf1 $11) 22... Nxd3 $17 {[%mdl 64] [#] Discovered Attack} 23. Qxd3 exd4 24. cxd4 Bxe4 25. Qc3 Bb7 26. Be3 c5 27. Qd2 c4 28. bxc4 Rxc4 $40 {[%mdl 128] Black attacks with force.} 29. Ng3 (29. Nf1 {keeps fighting.}) 29... Rec8 30. Bg5 Qxd4 31. Qe2 Qe5 {Accuracy: White = 21%, Black = 76%.} 0-1

[Event "2nd China Binhai Open 2020"]
[Site "Tianjin"]
[Date "2020.01.13"]
[Round "2.12"]
[White "Munguntuul, Batkhuyag"]
[Black "Zhou, Zirun"]
[Result "1-0"]
[WhiteElo "2430"]
[BlackElo "2124"]
[Annotator "TA"]
[PlyCount "91"]
[EventDate "2020.01.13"]
[EventType "swiss"]
[EventRounds "9"]
[EventCountry "CHN"]

{[%evp 12,91,17,14,20,22,16,18,24,16,20,20,12,6,28,0,0,0,6,0,8,0,8,0,0,0,0,0,0,0,0,-9,-9,-7,-8,-8,0,0,0,0,4,-6,0,0,0,0,65,0,65,47,156,146,152,147,147,143,116,15,15,15,15,15,16,15,27,21,33,0,9,16,86,86,132,103,111,91,102,74,232,268,263,260]} 1. e4 e5 2. Nf3 Nc6 3. Bb5 a6 4. Ba4 Nf6 5. d3 ({Predecessor:} 5. O-O b5 6. Bb3 Bc5 7. Nc3 O-O 8. d3 h6 9. Nd5 d6 10. c3 {½-½ (28) Stella,A (2454)-Dvirnyy,D (2560) Rome 2013}) 5... b5 6. Bb3 Bc5 7. Nc3 d6 {C77: Ruy Lopez: 3...a6 4 Ba4 Nf6, unusual lines} 8. Nd5 h6 9. c3 $146 (9. Be3 Be6 10. a4 b4 11. Bxc5 dxc5 12. Nxf6+ Qxf6 13. Bxe6 Qxe6 14. Nd2 Na5 15. Nb3 Nb7 16. Qe2 O-O 17. O-O Rad8 18. f4 exf4 19. Rxf4 Qe5 20. Raf1 {½-½ (20) Vallejo Pons,F (2704)-Sargissian,G (2689) Moscow 2019}) 9... Rb8 {The position is equal.} 10. O-O O-O 11. d4 Ba7 12. Be3 exd4 (12... Ng4 {keeps more tension.} 13. dxe5 Nxe3 14. Nxe3 Nxe5 15. Nxe5 dxe5 16. Qxd8 Rxd8 17. Rfd1 Bd7) 13. Nxd4 (13. cxd4 {feels hotter.} Nxd5 14. Bxd5 Nb4 15. Bb3 c5 16. a3) 13... Nxd4 14. Bxd4 Bxd4 15. Qxd4 Nxd5 16. Bxd5 Bb7 17. Rad1 Bxd5 18. Qxd5 Re8 19. Rfe1 Re5 20. Qd4 Qe7 21. Re3 Re8 {[%cal Re5e4]} 22. Rde1 Rc5 23. f4 Rc4 24. Qd3 Ra4 25. a3 Qe6 26. Qd1 Qa2 27. R1e2 {[#] And now b3 would win.} Qe6 28. g3 h5 (28... f6 $11) 29. Qd3 (29. e5 $14 d5 30. Qd3) 29... h4 ({Black should play} 29... f6 $11) 30. e5 $14 dxe5 ({Better is} 30... Rd8 $14) 31. Rxe5 $16 Qb6+ 32. Kf1 {[%cal Re5e8] [#]} Rxe5 33. Rxe5 {[%cal Re5e8][%mdl 4096] Endgame KQR-KQR} g6 34. Qd8+ (34. Re8+ $16 Kg7 35. Qd5) 34... Kg7 $11 35. Qxh4 $40 {[%mdl 128] Intending Re8 and mate. White mounts an attack.} Qc6 36. Kf2 Qb6+ 37. Kg2 Qc6+ 38. Kh3 Qf3 39. Qg4 (39. Qg5 {looks sharper.} Qf1+ 40. Kg4 Qg2 41. Qe7 Qxb2 42. Rc5) 39... Qf1+ $1 40. Kh4 Qg2 (40... Qf2 $11 41. Re2 Qf1) 41. Qe2 $16 Qc6 42. Kh3 Rc4 43. Qe3 a5 44. f5 {b3 is the strong threat.} Qf6 $2 (44... b4 $16) 45. Rxb5 $18 gxf5 46. Qe5 {Accuracy: White = 60%, Black = 53%.} 1-0

[Event "2nd China Binhai Open 2020"]
[Site "Tianjin"]
[Date "2020.01.13"]
[Round "2.13"]
[White "Cai Youyang"]
[Black "Liu, Guanchu"]
[Result "0-1"]
[WhiteElo "1920"]
[BlackElo "2432"]
[Annotator "TA"]
[PlyCount "50"]
[EventDate "2020.01.13"]
[EventType "swiss"]
[EventRounds "9"]
[EventCountry "CHN"]

{[%evp 14,160,45,29,15,0,0,0,0,0,0,-22,-46,-39,-47,-86,-94,-92,-49,-66,-34,-33,-25,-72,-30,-50,-1,-72,-45,-109,-90,-134,-150,-265,-265,-241,-191,-189,-145,-145,-135,-167,-144,-223,-195,-318,-211,-208,-210,-200,-176,-238,-239,-256,-258,-250,-256,-262,-246,-245,-163,-250,-247,-263,-263,-246,-266,-279,-279,-446,-439,-419,-429,-427,-386,-378,-373,-387,-386,-380,-366,-436,-426,-643,-638,-602,-584,-664,-646,-1920,-1920,-1912,-1912,-1898,-1898,-1891,-1883,-1876,-1876,-1861,-1854,-1787,-1809,-1876,-1854,-1832,-1821,-1787,-1787,-1733,-1649,-1627,-1631,-1627,-1620,-1609,-1594,-1568,-1554,-1554,-1546,-1539,-1518,-1477,-1427,-1412,-1397,-1303,-942,-1515,-1515,-1303,-1193,-5714,-5602,-4985,-4092,-29969,-29965,-29973,-29976,-29977,-29978,-29978,-29978,-29986,-29985,-29985,-29986]} 1. e4 Nf6 2. e5 Nd5 3. d4 d6 4. c4 Nb6 5. exd6 cxd6 6. Be3 g6 7. Nc3 Bg7 8. Be2 O-O {B03: Alekhine's Defence: Four Pawns Attack} 9. h4 (9. b3 Nc6 10. Qd2 d5 11. c5 Nd7 12. Nf3 Nf6 13. Ne5 Nxe5 14. dxe5 Ne4 15. Qd4 Nxc3 16. Qxc3 {0-1 (46) Escobar Medina,A (2297)-Almeida Quintana,O (2532) Medellin 2016}) 9... d5 $146 ({Predecessor:} 9... h6 10. f4 e5 11. fxe5 dxe5 12. dxe5 Nc6 13. Qxd8 Rxd8 14. Bxb6 axb6 15. Nd5 Bxe5 16. O-O-O {0-1 (32) Kekatos,N (2076)-Kelesiadis,G Nikea 2003}) 10. c5 Nc4 {The position is equal.} 11. Bxc4 dxc4 12. Nge2 Nc6 13. Qd2 Bf5 14. b3 b6 15. cxb6 axb6 16. O-O cxb3 17. axb3 Na5 18. Qb2 Qd7 19. Rfd1 Rfc8 20. Rac1 (20. d5 $11) 20... Qd6 21. Nf4 ({Better is} 21. Bf4 $15 Qe6 22. d5) 21... h5 $36 {[%mdl 2048] Keeping White busy.} 22. Nfd5 {[#]} Be6 $1 {[%cal Re6d5]} 23. Bf4 (23. Nf4 $17) 23... Qd8 $19 24. Ne3 Bxb3 25. Rd2 e6 {Played: Na5-c4} 0-1

[Event "2nd China Binhai Open 2020"]
[Site "Tianjin"]
[Date "2020.01.13"]
[Round "2.14"]
[White "Lin, Yi"]
[Black "Cheng, Yuanda"]
[Result "1-0"]
[WhiteElo "2415"]
[BlackElo "2098"]
[Annotator "TA"]
[PlyCount "67"]
[EventDate "2020.01.13"]
[EventType "swiss"]
[EventRounds "9"]
[EventCountry "CHN"]

{[%evp 16,67,23,0,18,21,22,33,53,42,72,72,72,72,72,70,71,69,72,73,95,66,69,50,50,53,56,46,53,48,73,66,80,85,118,115,171,155,178,183,179,168,174,187,160,162,211,196,224,208,374,377,342,339]} 1. d4 Nf6 2. c4 d6 3. Nf3 Nbd7 4. Nc3 e5 5. g3 g6 6. Bg2 Bg7 7. O-O O-O 8. b3 Re8 9. Bb2 a5 {E67: King's Indian: Fianchetto: 6...Nbd7} (9... c6 10. Qc2 h6 11. e4 Nh7 12. d5 c5 13. Ne1 h5 14. Nd3 h4 15. Rae1 Ndf6 16. h3 Ng5 17. g4 Nd7 {0-1 (60) Georgiadis,N (2473)-Melkumyan,H (2653) Austria 2017}) 10. e3 c6 11. Rc1 Ra6 $146 {White is slightly better.} ({Predecessor:} 11... Qc7 12. Rc2 exd4 13. Nxd4 Nc5 14. Re2 Bd7 15. h3 Rad8 16. Qa1 Ra8 17. Rd1 a4 18. Qb1 Qb6 {1-0 (33) Leiber,B (2190)-Schnoor,E (1936) Dresden 2007}) 12. dxe5 Nxe5 13. Nxe5 dxe5 14. Qxd8 Rxd8 15. Rfd1 Re8 16. Na4 Bf8 17. c5 Nd7 18. Rc2 Ra8 19. Ba3 e4 20. Bb2 Rb8 21. Bd4 Bg7 22. Rcd2 Nf6 23. Nb6 {[%cal Ba4b6,Bb6c4,Bc4a5,Ba5b7,Bb7d6][%mdl 32]} Bg4 24. Rc1 Rbd8 25. Nc4 Nd5 (25... Be6 $16) 26. Nxa5 Nb4 27. Nxb7 Rxd4 28. Rxd4 (28. exd4 $6 Bh6 $14) 28... Bxd4 29. exd4 Nxa2 30. Re1 Nc3 31. Nd6 Ra8 32. Nxe4 ({But not} 32. Bxe4 $6 Nxe4 33. Nxe4 (33. Rxe4 Ra1+ 34. Kg2 Be6 $14) 33... Kg7) 32... Nxe4 $2 {[#]} (32... Nd5 33. f4 h5) 33. Bxe4 $18 Re8 {If Black can now play ...Bf3 this consolidates a bit.} 34. Re3 {Accuracy: White = 75%, Black = 55%.} 1-0

[Event "2nd China Binhai Open 2020"]
[Site "Tianjin"]
[Date "2020.01.13"]
[Round "2.15"]
[White "Gu, Jiazhen"]
[Black "Huang, Renjie"]
[Result "0-1"]
[WhiteElo "2012"]
[BlackElo "2416"]
[Annotator "TA"]
[PlyCount "74"]
[EventDate "2020.01.13"]
[EventType "swiss"]
[EventRounds "9"]
[EventCountry "CHN"]

{[%evp 13,74,-29,-22,-17,-31,-84,-61,-75,-83,-79,-89,-95,-61,-65,-67,-67,0,0,-13,-18,0,0,0,-45,-46,-25,-16,-57,0,-7,11,0,0,0,0,0,6,8,8,-96,-87,-93,-82,-85,-19,-19,-19,-19,-8,-8,-8,-18,-9,-10,-14,-410,-389,-519,-456,-659,-635,-663,-659]} 1. d4 Nf6 2. Nf3 d5 3. c4 e6 4. g3 dxc4 5. Bg2 Nc6 6. O-O Rb8 7. Nc3 b5 {[%cal Bb7b5,Bb5b4][%mdl 32]} 8. Bg5 {E04: Open Catalan: 5 Nf3} (8. Ne5 Nxe5 9. dxe5 Nd7 10. Qc2 Bb7 11. Bxb7 Rxb7 12. Rd1 Qc8 13. Ne4 Be7 14. a4 Nxe5 15. axb5 O-O 16. Bf4 {½-½ (32) Ponkratov,P (2651)-Bu,X (2722) Harbin 2019}) 8... Be7 9. e4 ({Better is} 9. Qc1 $15) 9... b4 10. Bxf6 {Black is slightly better.} Bxf6 11. Ne2 O-O 12. Qc2 $146 ({Predecessor:} 12. Qd2 a5 13. Rfd1 Ba6 14. Rac1 Qc8 15. e5 Be7 {½-½ (26) Parnali,S (1942)-Paramzina,A (2117) Moscow 2014}) 12... Ba6 {[%cal Rc6d4]} 13. Rfd1 b3 14. Qd2 Nb4 (14... bxa2 $1 $15 15. Rxa2 Qc8) 15. axb3 $1 $11 cxb3 16. Nf4 Qc8 17. Qc3 Nc2 {[%cal Bb4c2,Bc2d4,Bd4e2][%mdl 32]} 18. Rac1 c5 19. e5 Be7 {Strongly threatening ...cxd4.} 20. d5 exd5 ({Black should try} 20... c4 $1 $15 21. d6 Bd8) 21. Nxd5 Re8 22. Ne1 Nd4 23. Nxe7+ Rxe7 24. Qxc5 Ne2+ 25. Kh1 {[#] Hoping for Qxc8+.} Qe8 {...Rc8 is the strong threat.} 26. Bc6 (26. Ra1 $11 Rxe5 27. Qxa7) 26... Bb7 $17 27. Bxb7 Nxc1 ({Stronger than} 27... Rbxb7 28. Rc4 $14) 28. Bc6 Rc7 (28... Rc8 $17 29. Rxc1 Rxe5 {[%mdl 64] Double Attack}) 29. Rxc1 $11 Rbc8 {[%cal Rc7c6]} 30. Bxe8 Rxc5 31. Rxc5 Rxc5 32. Nf3 $1 Rc2 {[%mdl 64] [#] Double Attack} 33. Kg2 $1 Rxb2 {White must now prevent ...Rc2.} 34. Bb5 $2 {[%mdl 8192]} (34. Ba4 $11 {and White has nothing to worry.}) 34... Rc2 $19 {Threatens to win with ...b2.} 35. Bd3 Rc1 {Black is clearly winning.} 36. Be4 (36. Bf5 $142 b2 37. Nd2) 36... Rd1 37. e6 fxe6 {Accuracy: White = 40%, Black = 66%.} 0-1